Himno Nacional Mexicano

Detalles Bibliográficos
Formato: eBook
Lenguaje:español
Publicado: Ciudad de Mx̌ico: Cm̀ara de Diputados, 2010
Materias:
Acceso en línea:Acceso restringido

MARC

LEADER 00000nam a22000007a 4500
005 20180220221820.0
007 cr|||| ||||
008 180220s2010 mx |||||s||||f00||0 spa d
020 |a 978-607-401-354-2 
035 |a 20844 
040 |a vLex 
090 |c 7383  |d 7383 
245 0 0 |a Himno Nacional Mexicano  |h [Recurso electrn̤ico] / 
256 |a Servicio en ln̕ea 
260 |a Ciudad de Mx̌ico:  |b Cm̀ara de Diputados,  |c 2010 
300 |a 1 recurso electrn̤ico (182 p.) 
506 1 |a Disponible solo en los productos indicados  |d vLex Global  |d vLex Global (Academic Edition, excluding Law Schools)  |d vLex Global (U.S. Academic Edition, Law Schools)  |d vLex Global (U.S. Academic Edition, excluding Law Schools)  |d vLex Global (Academic Edition, Law Schools) 
650 0 4 |a Ciencias sociales  |z Mx̌ico 
740 0 |a vLex Libros (Servicio en ln̕ea) 
856 4 0 |u http://vlex.com/source/himno-nacional-mexicano-20844  |z Acceso restringido 
942 |c BOOK 
999 0 |a Social Sciences